Výsledok hospodárenia z účtovného a daňového hľadiska

Salvato in:
Dettagli Bibliografici
Autore principale: Baštincová, Anna
Natura: Libro
Lingua:slovacco
Pubblicazione: Bratislava IURA EDITION 2007
Serie:Bedeker účtovníctva 3
Soggetti:
Tags: Aggiungi Tag
Nessun Tag, puoi essere il primo ad aggiungerne!!

MARC

LEADER 00000nam$a2200000$$$4500
001 0057691
005 20240502071641.8
020 |a 978-80-8078-144-6 
041 0 |a slo 
044 |a SK 
245 1 0 |a Výsledok hospodárenia z účtovného a daňového hľadiska  |c Anna Baštincová 
264 1 |a Bratislava  |b IURA EDITION  |c 2007 
300 |a 94 s. 
490 1 |a Bedeker účtovníctva 3 
830 0 |a Bedeker účtovníctva 3 
610 2 0 |a výsledok hospodársky 
610 2 0 |a účtovníctvo 
610 2 0 |a dane 
610 2 0 |a závierka účtovná 
610 2 0 |a IFRS 
610 2 0 |a štandardy účtovné medzinárodné 
100 1 |a Baštincová, Anna